01149nas a2200253 4545000010006000000050017000060080037000230030015000600400040000750800031001152450012001460220014001582640035001723100026002075050369002331000100006026500017007026500012007196500018007316500017007496500013007666500019007798560097007981334420260407193504.0260407s2008####ag###########|||spa#dAR-UNSa-BCEJYS aAR-UNSa-BCEJYSbspacAR-UNSa-BCEJYS a330xEconomía en general10aConsejo a1851-6610 1aBuenos Aires :bCPCECABAc2008 aFrecuencia: Bimestral aAbarca los clásicos temas que les interesan a nuestros matriculados (incluyendo economía, management, tributación, etc.) y la visión de varios profesionales que son consultados sobre un sector específico de actividad que se selecciona como tema central para cada número. La revista se distribuye a todos los matriculados en forma bimestral y gratuita. 1 aConsejo Profesional de Ciencias Económicas de la Ciudad Autónoma de Buenos Aires (CPCECABA) aCONTABILIDAD aCultura aTributación aTecnología aECONOMIA aJURISPRUDENCIA41uhttps://biblioeco.unsa.edu.ar/pmb/images/revistas/Consejo.jpgyImagen de portadaqimage/jpeg